Training course on aquaculture management
Đã lưu trong:
| Tác giả chính: | |
|---|---|
| Định dạng: | Sách |
| Ngôn ngữ: | Undetermined |
| Được phát hành: |
Philippines
Aquaculture department southeast Asian fisheries development center
1997
|
| Những chủ đề: | |
| Các nhãn: |
Thêm thẻ
Không có thẻ, Là người đầu tiên thẻ bản ghi này!
|
| Thư viện lưu trữ: | Trung tâm Học liệu Trường Đại học Cần Thơ |
|---|
| LEADER | 00570nam a2200181Ia 4500 | ||
|---|---|---|---|
| 001 | CTU_150611 | ||
| 008 | 210402s9999 xx 000 0 und d | ||
| 082 | |a 639.8 | ||
| 082 | |b S119 | ||
| 100 | |a Saclauso, C. A. | ||
| 245 | 0 | |a Training course on aquaculture management | |
| 245 | 0 | |c C. A. Saclauso | |
| 260 | |a Philippines | ||
| 260 | |b Aquaculture department southeast Asian fisheries development center | ||
| 260 | |c 1997 | ||
| 650 | |a Nuôi trồng thủy sản,Aquaculture | ||
| 904 | |i Trọng Hải | ||
| 980 | |a Trung tâm Học liệu Trường Đại học Cần Thơ | ||